|
|
|
|
| LEADER |
01667nem a2200457 a 4500 |
| 001 |
nkc20051308756 |
| 003 |
CZ PrNK |
| 005 |
20080507142616.0 |
| 007 |
ad canzn |
| 008 |
040323s2005 xr e 1 cze |
| 015 |
|
|
|a cnb001308756
|
| 020 |
|
|
|a 80-7011-729-X
|q (brož.)
|
| 034 |
0 |
|
|a a
|
| 040 |
|
|
|a BOA001
|b cze
|d ABA001
|
| 043 |
|
|
|a a------
|
| 072 |
|
7 |
|a 913(5)
|x Geografie Asie, reálie, cestování
|2 Konspekt
|9 7
|
| 072 |
|
7 |
|a 37.016
|x Učební osnovy. Vyučovací předměty. Učebnice
|2 Konspekt
|9 22
|
| 080 |
|
|
|a 37.016.91
|2 MRF
|
| 080 |
|
|
|a 913(5)
|2 MRF
|
| 080 |
|
|
|a (084.41)
|2 MRF
|
| 080 |
|
|
|a (075.2)
|2 MRF
|
| 080 |
|
|
|a (075.3)
|2 MRF
|
| 110 |
2 |
|
|a Kartografie Praha (firma)
|7 kn20010724363
|
| 245 |
1 |
0 |
|a Asie
|h [kartografický dokument] :
|b sešitový atlas pro základní školy a víceletá gymnázia /
|c [vydala a zpracovala Kartografie Praha ; odpovědný redaktor Vilém Petrunčík]
|
| 250 |
|
|
|a 1. vyd.
|
| 255 |
|
|
|a Měřítka různá
|
| 260 |
|
|
|a Praha :
|b Kartografie Praha,
|c 2005
|
| 300 |
|
|
|a 1 atlas (20 s.) :
|b ca 27 barev. map ;
|c 33 cm
|
| 500 |
|
|
|a Název z obálky
|
| 500 |
|
|
|a Obsahuje rejstřík
|
| 650 |
0 |
7 |
|a zeměpis
|7 ph116771
|2 czenas
|
| 655 |
|
7 |
|a geografické atlasy
|7 fd132400
|2 czenas
|
| 655 |
|
7 |
|a učebnice základních škol
|7 fd133773
|2 czenas
|
| 655 |
|
7 |
|a učebnice středních škol
|7 fd133771
|2 czenas
|
| 651 |
|
7 |
|a Asie
|7 ge131486
|2 czenas
|
| 700 |
1 |
|
|a Petrunčík, Vilém,
|d 1974-
|7 mzk2005299289
|4 edt
|
| 910 |
2 |
|
|a BOA001
|b 4-1156.405
|
| 990 |
|
|
|a MP
|
| 995 |
|
|
|a 01
|
| 991 |
|
|
|b 200509
|c NOV
|
| 996 |
6 |
|
|b 2610259218
|c 4-1156.405
|l MZK
|r Sklad / do 1 hodiny
|n 2
|p p.v.
|w 000786509
|u 000010
|a 1
|e BOA001
|j MZK50
|s P
|